000 01086nam a2200229Ia 4500
001 L320-28847
003 IT-CnALBA
008 170116s9999||||xx |||||||||||||| ||und||
040 _aIT-CnALBA
_cIT-CnALBA
041 _aITALIANO
100 _aNODARI LEONARDO
245 0 _aNELL'ORIZZONTE DEL POSSIBILE.
250 _a1a ed.
260 _aMOLFETTA BA
_bLUCE & VITA EDIZ. INSIEME
_c1993 [1° Ed.:1993 - Ed.Ling.Originale: 1993]
300 _a177 p.
500 _aRECUPERO DELLA SPERANZA. RIVOLUZIONE POSSIBILE. RIFORME. REFERENDUM. SISTEMI ELETTORALI. PRESIDENZIALE, PARLAMENTARE, MAGGIORITARIO, PROPORZIONALE. RIFORME E DEMOCRAZIA. QUESTIONE MORALE. RIFORMA POLITICA.
501 _aSocietà San Paolo EM - Piazza San Paolo, 14 - 12051 ALBA (CN) (non commercial uses only) ® Copyright 2017
520 _aRECUPERO DELLA SPERANZA. RIVOLUZIONE POSSIBILE. RIFORME. REFERENDUM. SISTEMI ELETTORALI. PRESIDENZIALE, PARLAMENTARE, MAGGIORITARIO, PROPORZIONALE. RIFORME E DEMOCRAZIA. QUESTIONE MORALE. RIFORMA POLITICA.
650 _aPOLITICA
942 _cBK
957 _71
999 _a33616
_bNO
_g Copie: 1
_c287787
_d287787